00303nam a2200109Ia 4500008004100000041000800041100001600049245005200065260003700117300000800154700003100162250110s9999 xx 000 0 und d aeng aThuse Ketki aResort In Konkan Vijaydurga Village Maharashtra bFinal Year B.Arch ID, Punec2014 a70p aGuide Name:Murugkar Kavita